00444nam a22001577a 450000500170000001000130001702000260003003500130005603700280006908200060009724500720010326000380017527000360021330000160024970000210026520120731113958.0 aB-454725 a9798173872036c350.00 aB-454725 adplbBlueberry Pub/ Ven aS aShort stories of Himachal Pardesh/ctranslated by Meenakshi F. Paul aNew DelhibIndus Publishingc2007 aFS- 5 tagire garden bNew Delhi a183p.c22cm aMeenakshi F.Paul